| 000 | 01075nam a22003015a 4500 | ||
|---|---|---|---|
| 008 | 150824s20 xxua frb 001 0 eng d | ||
| 010 | _a 2006009907 | ||
| 020 | _a0521859174 (hdbk.) | ||
| 020 | _a0521685249 (pbk.) | ||
| 020 | _a9780521859172 | ||
| 020 | _a9780521685245 | ||
| 035 | _a(OCoLC)ocm65207095 | ||
| 040 |
_aEG-ScBUE _beng _cEG-ScBUE |
||
| 082 | 0 | 4 |
_a343.07 _bWIT _222 |
| 100 | 1 | _aWittman, Donald A. | |
| 245 | 1 | 0 |
_aEconomic foundations of law and organization / _cDonald Wittman. |
| 260 |
_aCambridge : _bCambridge University Press, _c2006. |
||
| 300 |
_ax, 390 p. : _bill. ; _c27 cm. |
||
| 500 | _aIndexes : p. 379-390. | ||
| 504 | _aIncludes bibliographical references. | ||
| 590 | _aMenna Elemam | ||
| 650 | 0 |
_aLaw and economics. _2BUEsh _935740 |
|
| 651 | _2BUEsh | ||
| 653 |
_bBUSECO _cAugust2015 |
||
| 856 | 4 | 2 |
_3Publisher description _uhttp://www.loc.gov/catdir/enhancements/fy0642/2006009907-d.html |
| 856 | 4 | 2 |
_3Table of contents only _uhttp://www.loc.gov/catdir/enhancements/fy0642/2006009907-t.html |
| 942 |
_cBB _k343.07 WIT _2ddc |
||
| 999 |
_c8812 _d2423 |
||